| 000 | 01091naa a22002657u 4500 | ||
|---|---|---|---|
| 001 | 07059 | ||
| 003 | HDC | ||
| 007 | cr bn ---aaaaa | ||
| 008 | 040309s2004 ilu eng | ||
| 040 | _aHDC | ||
| 100 |
_aKomarek, R.J., _eauthor _97552 |
||
| 245 | 0 |
_aOil Extraction and Analysis: Critical Issues and Comparative Studies : _bEvaluation of the Rapid, High-Temperature Extraction of Feeds, Foods, and Oilseeds by the ANKOMXT20 Fat Analyzer to Determine Crude Fat Content / _cby R.J. Komarek, A.R. Komarek and B. Layton |
|
| 260 |
_aChampaigne, Illinois : _bAOCS Press, _c2004 |
||
| 300 | _a30 pages | ||
| 336 |
_atext _2rdacontent |
||
| 337 |
_acomputer _2rdamedia |
||
| 338 |
_aonline resource _2rdacarrier |
||
| 500 | _aOriginal from book | ||
| 650 |
_aFood _xFat content _xAnalysis _97547 |
||
| 650 |
_aOils and fats, Edible _xAnalysis _97546 |
||
| 856 | _zRequest full-text at [email protected] | ||
| 942 | _2lcc | ||
| 942 | _cCHAP | ||
| 942 | _kEBCH 000455 | ||
| 999 |
_c4383 _d4383 |
||